Housing law and practice, 2011 (Record no. 112168)
[ view plain ]
| 000 -LEADER | |
|---|---|
| fixed length control field | 01426cam a22002535a 4500 |
| 001 - CONTROL NUMBER | |
| control field | L152693 |
| 008 - FIXED-LENGTH DATA ELEMENTS--GENERAL INFORMATION | |
| fixed length control field | 110413s2011 xxk f 000 0 eng d |
| 020 ## - INTERNATIONAL STANDARD BOOK NUMBER | |
| International Standard Book Number | 9781907624384 |
| 035 ## - SYSTEM CONTROL NUMBER | |
| System control number | (Sirsi) u152693 |
| 041 0# - LANGUAGE CODE | |
| Language code of text/sound track or separate title | eng |
| 050 04 - LIBRARY OF CONGRESS CALL NUMBER | |
| Classification number | 306.026 |
| 100 1# - MAIN ENTRY--PERSONAL NAME | |
| Personal name | Price, Gail |
| 245 00 - TITLE STATEMENT | |
| Title | Housing law and practice, 2011 |
| Medium | [electronic resource] |
| 250 ## - EDITION STATEMENT | |
| Edition statement | new ed. |
| 260 ## - PUBLICATION, DISTRIBUTION, ETC. | |
| Name of publisher, distributor, etc. | College of Law |
| Date of publication, distribution, etc. | 2011 |
| 300 ## - PHYSICAL DESCRIPTION | |
| Extent | eBook |
| 505 2# - FORMATTED CONTENTS NOTE | |
| Formatted contents note | 1 Introduction to housing law and practice -- 2 Assured and assured shorthold tenancies -- 3 Rent act regulated tenancies -- 4 Housing and human rights -- 5 Public funding and costs in housing disputes -- 6 Public sector housing ? secure tenants -- 7 Disrepairs -- 8 The rights of long leaseholders -- 9 Protection from unlawful eviction and harassment -- 10 Possession claims -- 11 Homelessness I The law -- 12 Homelessness II Procedure -- 13 -- Summaries Housing law and practice -- Appendix Legislation -- Defective Premises Act 1972 -- Protection from Eviction Act 1977 -- Housing Act 1985 -- Landlord and Tenant Act 1985 -- Housing Act 1988 -- Environmental Protection Act 1990 -- Housing Act 1996 |
| 590 ## - LOCAL NOTE (RLIN) | |
| Local note | KA NTK |
| 650 24 - SUBJECT ADDED ENTRY--TOPICAL TERM | |
| Topical term or geographic name entry element | EBOOK |
| 651 #4 - SUBJECT ADDED ENTRY--GEOGRAPHIC NAME | |
| Geographic name | ENGLAND AND WALES |
| 690 ## - LOCAL SUBJECT ADDED ENTRY--TOPICAL TERM (OCLC, RLIN) | |
| Topical term or geographic name as entry element | PROPERTY-RESIDENTIAL PROPERTY-DOMESTIC RESIDENTIAL PROPERTY-HOUSING |
| 856 40 - ELECTRONIC LOCATION AND ACCESS | |
| Uniform Resource Identifier | <a href="https://www.vlebooks.com/">https://www.vlebooks.com/</a> |
| Public note | View on VLEbooks. Logins for members only from [email protected] |
| 942 ## - ADDED ENTRY ELEMENTS (KOHA) | |
| Suppress in OPAC | 0 |
| Withdrawn status | Lost status | Source of classification or shelving scheme | Damaged status | Not for loan | Home library | Current library | Shelving location | Date acquired | Total Checkouts | Full call number | Barcode | Date last seen | Copy number | Price effective from | Koha item type |
|---|---|---|---|---|---|---|---|---|---|---|---|---|---|---|---|
| Dewey Decimal Classification | Virtual | Virtual | Online | 13/04/2011 | EBOOK | 152693-2001 | 06/08/2019 | 1 | 06/08/2019 | Book |